00590nam a2200181 a 4500001001000000003000400010005001700014008004100031040002500072082001600097110004000113240002600153245004900179246006900228260006400297300002000361504002700381000028054OSt20210122121303.0110414s2010 dr r 000 0 spa d aDO-SdBNPbspacBNPHU axxxxbR426L1 aRepública Dominicanableyes 24-9710aLeyes, decretos, etc.10aLey 24-97 contra la violencia intrafamiliar.14aLey no. 24-97 :bsobre violencia contra la mujer e intrafamiliar aSanto Domingo :bSecretaría de Estado de la Mujer,c2010. a37 p. ;c21 cm. aBibliografía : p. 37